Pacto de Varsovia - Estadísticas

Estadísticas generales
  • Esta prueba ha sido intentada 36 veces
  • La puntuación promedio es 6 de 8
Estadísticas de respuestas
Miembros del Pacto de Varsovia % Correcto
Unión Soviética
100%
Polonia
91%
Alemania Oriental
82%
Hungría
79%
Checoslovaquia
76%
Rumania
76%
Bulgaria
73%
Albania
48%
No se encontraron pruebas coincidentes
Distribución de puntuación
Porcentaje de gente con cada puntuación
Porcentaje por número respondido
Historial de tus puntuaciones
No has intentado esta prueba.